[Event "Moscow Open A 2016"]
[Site "Moscow RUS"]
[Date "2016.02.05"]
[Round "7.1"]
[White "Timofeev, Artyom"]
[Black "Eliseev, Urii"]
[Result "1-0"]
[WhiteTitle "GM"]
[BlackTitle "GM"]
[WhiteElo "2570"]
[BlackElo "2582"]
[WhiteFideId "4140419"]
[BlackFideId "24131920"]
[EventDate "2016.01.30"]

1. e4 c5 2. Nf3 Nc6 3. d4 cxd4 4. Nxd4 Nf6 5. Nc3 d6 6. Bg5 e6 7. Qd2 a6 8.
O-O-O Bd7 9. f4 b5 10. Bxf6 gxf6 11. Kb1 Qb6 12. Nxc6 Bxc6 13. f5 b4 14. Ne2 e5
15. Ng3 h5 16. Bc4 h4 17. Nf1 Bxe4 18. Qe2 Bxf5 19. Ne3 Be6 20. Nd5 Bxd5 21.
Bxd5 Rc8 22. Qg4 Rc7 23. Rhf1 Rh6 24. Rf3 h3 25. Rg3 a5 26. a4 Qf2 27. Bb3 f5
28. Qg8 hxg2 29. Rg7 Rf6 30. Rh7 d5 31. Rh8 Qc5 32. Qxg2 d4 33. Qg7 Rcc6 34. Ka2
Rce6 35. Rg1 Rh6 36. Rg5 Rxh8 37. Qxh8 Rh6 38. Qg8 Rf6 39. Rg7 Qe7 40. h4 f4 41.
h5 f3 42. h6 f2 43. h7 f1=Q 44. h8=Q d3 45. Rg1 Qf3 46. Rg3 Qc6 47. Rxd3 Rg6 48.
Qxe5 1-0

[Event "Moscow Open A 2016"]
[Site "Moscow RUS"]
[Date "2016.02.05"]
[Round "7.6"]
[White "Kostenko, Petr"]
[Black "Kokarev, Dmitry"]
[Result "0-1"]
[WhiteTitle "GM"]
[BlackTitle "GM"]
[WhiteElo "2449"]
[BlackElo "2619"]
[WhiteFideId "13700669"]
[BlackFideId "4132181"]
[EventDate "2016.01.30"]

1. e4 c5 2. Nf3 d6 3. Bb5+ Nd7 4. c3 Nf6 5. Qe2 a6 6. Ba4 e6 7. d4 Qa5 8. Bc2
cxd4 9. Nxd4 Qh5 10. Qxh5 Nxh5 11. c4 b6 12. Nc3 Bb7 13. b3 Rc8 14. Bb2 Be7 15.
O-O O-O 16. Rad1 Rfe8 17. Bb1 g6 18. Rfe1 Rc7 19. f3 Ba8 20. Kf2 Rec8 21. Ba3
Nc5 22. g3 Nf6 23. Bb2 Ncd7 24. g4 Ne5 25. Kg3 g5 26. h3 Nfd7 27. Ndb5 axb5 28.
Nxb5 Rc6 29. Na7 Rb8 30. Nxc6 Bxc6 31. Rd4 f6 32. Red1 Kf7 33. Bc1 h5 34. Be3
Rh8 35. R4d2 Bd8 36. Rxd6 Bc7 37. Kg2 Bxd6 38. Rxd6 Ke7 39. Rd2 Ng6 40. Kg3 h4+
41. Kh2 Nde5 42. Rf2 Rd8 43. Bc2 b5 44. cxb5 Bxb5 45. a4 Bd3 46. Bd1 Bxe4 47.
fxe4 Rxd1 48. b4 Ra1 49. a5 Nf4 50. Bxf4 gxf4 51. Rxf4 Nd3 52. Rf3 Nxb4 53. e5
fxe5 54. g5 Ra2+ 55. Kg1 Nd5 56. g6 Nf4 0-1

[Event "Moscow Open A 2016"]
[Site "Moscow RUS"]
[Date "2016.02.05"]
[Round "7.17"]
[White "Khegay, Dmitriy"]
[Black "Alekseenko, Kirill"]
[Result "1-0"]
[WhiteTitle "FM"]
[BlackTitle "GM"]
[WhiteElo "2416"]
[BlackElo "2560"]
[WhiteFideId "24153729"]
[BlackFideId "4135539"]
[EventDate "2016.01.30"]

1. d4 Nf6 2. c4 e6 3. Nc3 Bb4 4. e3 O-O 5. Ne2 c6 6. a3 Ba5 7. Ng3 d5 8. Bd3
dxc4 9. Bxc4 e5 10. O-O exd4 11. exd4 Bb6 12. Be3 Na6 13. Bxa6 bxa6 14. Nge4
Nxe4 15. Nxe4 a5 16. Nc3 Qf6 17. d5 Bb7 18. d6 Rad8 19. Qd2 c5 20. Bf4 c4 21.
Bg3 h5 22. h4 Qg6 23. Kh2 Bc5 24. Qg5 Qxg5 25. hxg5 Bxd6 26. Bxd6 Rxd6 27. Rad1
Rd3 28. f3 Rfd8 29. Rfe1 Bc6 30. Kg3 Kh7 31. Rb1 Kg6 32. Re5 Rd2 33. Ne2 Rb8 34.
Nf4+ Kh7 35. Rc5 Bb5 36. Nxh5 Ba6 37. Rxa5 c3 38. Rxa6 Rxg2+ 39. Kxg2 Rxb2+ 40.
Kg3 Rxb1 41. Rc6 1-0

[Event "Moscow Open A 2016"]
[Site "Moscow RUS"]
[Date "2016.02.07"]
[Round "9.10"]
[White "Ponkratov, Pavel"]
[Black "Kostenko, Petr"]
[Result "1-0"]
[WhiteTitle "GM"]
[BlackTitle "GM"]
[WhiteElo "2591"]
[BlackElo "2449"]
[WhiteFideId "4157800"]
[BlackFideId "13700669"]
[EventDate "2016.01.30"]

1. Nf3 Nf6 2. d4 b6 3. c4 Bb7 4. g3 g6 5. Bg2 Bg7 6. O-O O-O 7. d5 Ne4 8. Qc2 f5
9. Nbd2 Nxd2 10. Bxd2 c6 11. Ng5 Qc8 12. Qb3 Na6 13. Rac1 Nc5 14. Qe3 h6 15. b4
hxg5 16. bxc5 Bf6 17. Bc3 bxc5 18. Bxf6 exf6 19. Qxc5 cxd5 20. Qb4 Rb8 21. cxd5
Ba6 22. Qa3 Qb7 23. Rfe1 Qb6 24. h3 Rfe8 25. e3 Kf7 26. d6 Re5 27. Rc7 Ke6 28.
Rd1 Qa5 29. Qc1 Be2 30. Rd4 g4 31. Kh2 Bb5 32. a4 Ba6 33. Qc2 Qb6 34. Bc6 Qb2
35. Rxd7 1-0